{"text_format":"3","workbook":"xlsx","n_sheets":1,"sheets":["t391"],"read":"whole","date_system":"1900"}

{"sheet":"t391","index":0,"n_rows":146,"n_cols":7,"rows_kept":146,"merged":[[0,0,0,6],[28,0,28,5],[41,0,41,5],[133,0,133,5]]}
["TABELA 391.1 - Estatísticas Agrícolas, Município de Palmares Paulista, Estado de São Paulo, 2016/17."]
["ITEM","UNIDADE","N.DE UPAs","MÍNIMO","MÉDIO","MÁXIMO","TOTAL"]
["Distância à sede do município","km",75,0.3,{"v":4.94,"d":"4.9"},10.3,"-"]
["Área total","hectare",75,1.5,{"v":100.83,"d":"100.8"},634.9,{"v":7562,"d":"7,562.0"}]
["Área com cultura perene","hectare",9,{"v":2,"d":"2.0"},{"v":43.92,"d":"43.9"},264.2,395.3]
["Área com cultura temporária","hectare",67,3.6,{"v":84.51,"d":"84.5"},567.7,{"v":5662.4,"d":"5,662.4"}]
["Área com pastagem","hectare",24,0.5,{"v":6.05,"d":"6.1"},31.4,145.2]
["Área com reflorestamento","hectare",1,{"v":4,"d":"4.0"},{"v":4,"d":"4.0"},{"v":4,"d":"4.0"},{"v":4,"d":"4.0"}]
["Área com vegetação natural","hectare",31,0.1,17.9,106.4,{"v":554.96,"d":"555.0"}]
["Área com vegetação de brejo e várzea","hectare",32,0.2,17.5,97.1,{"v":560,"d":"560.0"}]
["Área em descanso","hectare","-","-","-","-",{"v":0,"d":"0.0"}]
["Área complementar","hectare",48,0.2,{"v":5,"d":"5.0"},63.6,{"v":240.14,"d":"240.1"}]
["Área das UPAs com (0, 1] ha","hectare","-","-","-","-","-"]
["Área das UPAs com (1, 2] ha","hectare",2,1.5,{"v":1.55,"d":"1.6"},1.6,3.1]
["Área das UPAs com (2, 5] ha","hectare",2,3.6,3.7,3.8,7.4]
["Área das UPAs com (5, 10] ha","hectare",6,{"v":6,"d":"6.0"},{"v":6.95,"d":"7.0"},{"v":10,"d":"10.0"},41.7]
["Área das UPAs com (10, 20] ha","hectare",14,10.8,{"v":15.06,"d":"15.1"},18.8,210.8]
["Área das UPAs com (20, 50] ha","hectare",15,24.2,{"v":39.95,"d":"40.0"},48.4,599.2]
["Área das UPAs com (50, 100] ha","hectare",17,65.3,{"v":80.41,"d":"80.4"},95.8,{"v":1367,"d":"1,367.0"}]
["Área das UPAs com (100, 200] ha","hectare",7,104.6,{"v":136.47,"d":"136.5"},170.4,955.3]
["Área das UPAs com (200, 500] ha","hectare",10,207.8,{"v":311.34,"d":"311.3"},421.9,{"v":3113.4,"d":"3,113.4"}]
["Área das UPAs com (500, 1.000] ha","hectare",2,629.2,{"v":632.05,"d":"632.1"},634.9,{"v":1264.1,"d":"1,264.1"}]
["Área das UPAs com (1.000, 2.000] ha","hectare","-","-","-","-","-"]
["Área das UPAs com (2.000, 5.000] ha","hectare","-","-","-","-","-"]
["Área das UPAs com (5.000, 10.000] ha","hectare","-","-","-","-","-"]
["Área das UPAs acima de 10.000 ha","hectare","-","-","-","-","-"]
["Fonte: Secretaria de Agricultura e Abastecimento, CDRS/IEA, Projeto LUPA."]
[]
["TABELA 391.2 - Explorações Animais, Município de Palmares Paulista, Estado de São Paulo, 2016/17."]
["ITEM","UNIDADE","N.DE UPAs","MÍNIMO","MÉDIO","MÁXIMO","TOTAL"]
["Avicultura de corte","cabecas/ano",2,{"v":150,"d":"150.0"},{"v":175,"d":"175.0"},{"v":200,"d":"200.0"},{"v":350,"d":"350.0"}]
["Avicultura para ovos","cabecas",2,{"v":25,"d":"25.0"},87.5,{"v":150,"d":"150.0"},{"v":175,"d":"175.0"}]
["Bovinocultura de corte","cabecas",3,{"v":2,"d":"2.0"},{"v":27.33,"d":"27.3"},{"v":60,"d":"60.0"},{"v":82,"d":"82.0"}]
["Bovinocultura leiteira","cabecas",1,{"v":15,"d":"15.0"},{"v":15,"d":"15.0"},{"v":15,"d":"15.0"},{"v":15,"d":"15.0"}]
["Bovinocultura mista","cabecas",8,{"v":8,"d":"8.0"},{"v":19.13,"d":"19.1"},{"v":68,"d":"68.0"},{"v":153,"d":"153.0"}]
["Equinocultura","cabecas",6,{"v":2,"d":"2.0"},{"v":14,"d":"14.0"},{"v":50,"d":"50.0"},{"v":84,"d":"84.0"}]
["Ovinocultura","cabecas",1,{"v":20,"d":"20.0"},{"v":20,"d":"20.0"},{"v":20,"d":"20.0"},{"v":20,"d":"20.0"}]
["Piscicultura","m2 tanques",1,{"v":350,"d":"350.0"},{"v":350,"d":"350.0"},{"v":350,"d":"350.0"},{"v":350,"d":"350.0"}]
["Suinocultura","cabecas",2,{"v":10,"d":"10.0"},{"v":15,"d":"15.0"},{"v":20,"d":"20.0"},{"v":30,"d":"30.0"}]
["Fonte: Secretaria de Agricultura e Abastecimento, CDRS/IEA, Projeto LUPA."]
[]
["TABELA 391.3 -  Máquinas, Implementos e Benfeitorias, Município de Palmares Paulista, Estado de São Paulo, 2016/17."]
["ITEM","UNIDADE","N.DE UPAs","MÍNIMO","MÉDIO","MÁXIMO","TOTAL"]
["Arado comum (bacia, aiveca)","unidade",14,{"v":1,"d":"1.0"},1.5,{"v":3,"d":"3.0"},{"v":21,"d":"21.0"}]
["Arado escarificador","unidade",10,{"v":1,"d":"1.0"},1.8,{"v":4,"d":"4.0"},{"v":18,"d":"18.0"}]
["Arado subsolador","unidade",6,{"v":1,"d":"1.0"},{"v":1,"d":"1.0"},{"v":1,"d":"1.0"},{"v":6,"d":"6.0"}]
["Carregadeira de cana","unidade",10,{"v":1,"d":"1.0"},1.2,{"v":2,"d":"2.0"},{"v":12,"d":"12.0"}]
["Carreta de trator","unidade",2,{"v":1,"d":"1.0"},{"v":1,"d":"1.0"},{"v":1,"d":"1.0"},{"v":2,"d":"2.0"}]
["Colhedeira automotriz","unidade",2,{"v":1,"d":"1.0"},{"v":2,"d":"2.0"},{"v":3,"d":"3.0"},{"v":4,"d":"4.0"}]
["Conj.irrigacao convencional","unidade",1,{"v":1,"d":"1.0"},{"v":1,"d":"1.0"},{"v":1,"d":"1.0"},{"v":1,"d":"1.0"}]
["Desintegrador, picador, triturador","unidade",14,{"v":1,"d":"1.0"},{"v":1.14,"d":"1.1"},{"v":2,"d":"2.0"},{"v":16,"d":"16.0"}]
["Distribuidor de calcario","unidade",11,{"v":1,"d":"1.0"},{"v":1.09,"d":"1.1"},{"v":2,"d":"2.0"},{"v":12,"d":"12.0"}]
["Grade aradora (tipo romi)","unidade",9,{"v":1,"d":"1.0"},{"v":1.11,"d":"1.1"},{"v":2,"d":"2.0"},{"v":10,"d":"10.0"}]
["Grade niveladora","unidade",19,{"v":1,"d":"1.0"},{"v":1.32,"d":"1.3"},{"v":2,"d":"2.0"},{"v":25,"d":"25.0"}]
["Pulverizador tratorizado","unidade",17,{"v":1,"d":"1.0"},{"v":1.12,"d":"1.1"},{"v":2,"d":"2.0"},{"v":19,"d":"19.0"}]
["Semeadeira/adubadeira para plantio convencional","unidade",10,{"v":1,"d":"1.0"},{"v":1,"d":"1.0"},{"v":1,"d":"1.0"},{"v":10,"d":"10.0"}]
["Semeadeira/plantadeira plantio direto","unidade",2,{"v":1,"d":"1.0"},{"v":1,"d":"1.0"},{"v":1,"d":"1.0"},{"v":2,"d":"2.0"}]
["Terraceador","unidade",2,{"v":1,"d":"1.0"},{"v":1,"d":"1.0"},{"v":1,"d":"1.0"},{"v":2,"d":"2.0"}]
["Trator de esteiras","unidade",1,{"v":1,"d":"1.0"},{"v":1,"d":"1.0"},{"v":1,"d":"1.0"},{"v":1,"d":"1.0"}]
["Trator de pneus  acima de 85 cv","unidade",6,{"v":1,"d":"1.0"},{"v":3,"d":"3.0"},{"v":10,"d":"10.0"},{"v":18,"d":"18.0"}]
["Trator de pneus até 65 cv","unidade",7,{"v":1,"d":"1.0"},{"v":1.86,"d":"1.9"},{"v":3,"d":"3.0"},{"v":13,"d":"13.0"}]
["Trator de pneus de 66 cv a 85 cv","unidade",16,{"v":1,"d":"1.0"},{"v":2.56,"d":"2.6"},{"v":10,"d":"10.0"},{"v":41,"d":"41.0"}]
["Acude/represa","unidade",10,{"v":1,"d":"1.0"},1.2,{"v":3,"d":"3.0"},{"v":12,"d":"12.0"}]
["Almoxarifado/oficina","unidade",8,{"v":1,"d":"1.0"},{"v":1.13,"d":"1.1"},{"v":2,"d":"2.0"},{"v":9,"d":"9.0"}]
["Armazem para graos ensacados","sacas",2]
["Balanca para veiculos","unidade",1,{"v":1,"d":"1.0"},{"v":1,"d":"1.0"},{"v":1,"d":"1.0"},{"v":1,"d":"1.0"}]
["Barracao/galpao/garagem","unidade",26,{"v":1,"d":"1.0"},{"v":1.31,"d":"1.3"},{"v":3,"d":"3.0"},{"v":34,"d":"34.0"}]
["Casa de moradia habitada","unidade",31,{"v":1,"d":"1.0"},{"v":2.03,"d":"2.0"},{"v":6,"d":"6.0"},{"v":63,"d":"63.0"}]
["Casa de moradia total","unidade",35,{"v":1,"d":"1.0"},{"v":2.89,"d":"2.9"},{"v":13,"d":"13.0"},{"v":101,"d":"101.0"}]
["Curral/mangueira","unidade",20,{"v":1,"d":"1.0"},{"v":1.05,"d":"1.1"},{"v":2,"d":"2.0"},{"v":21,"d":"21.0"}]
["Deposito/tulha","unidade",22,{"v":1,"d":"1.0"},{"v":1.27,"d":"1.3"},{"v":2,"d":"2.0"},{"v":28,"d":"28.0"}]
["Estabulo","unidade",1,{"v":3,"d":"3.0"},{"v":3,"d":"3.0"},{"v":3,"d":"3.0"},{"v":3,"d":"3.0"}]
["Instalacoes para equinos","unidade",1,{"v":10,"d":"10.0"},{"v":10,"d":"10.0"},{"v":10,"d":"10.0"},{"v":10,"d":"10.0"}]
["Maquina de beneficio","unidade",1,{"v":2,"d":"2.0"},{"v":2,"d":"2.0"},{"v":2,"d":"2.0"},{"v":2,"d":"2.0"}]
["Pocilga","unidade",1,{"v":2,"d":"2.0"},{"v":2,"d":"2.0"},{"v":2,"d":"2.0"},{"v":2,"d":"2.0"}]
["Poco semi-artesiano","unidade",29,{"v":1,"d":"1.0"},{"v":1,"d":"1.0"},{"v":1,"d":"1.0"},{"v":29,"d":"29.0"}]
["Secador de graos","unidade",1,{"v":1,"d":"1.0"},{"v":1,"d":"1.0"},{"v":1,"d":"1.0"},{"v":1,"d":"1.0"}]
["Silo para silagem","ton",1]
["Terreiro","m2",13]
["Fonte: Secretaria de Agricultura e Abastecimento, CDRS/IEA, Projeto LUPA."]
[]
["TABELA 391.4 - Outras Estatísticas Agrícolas, Município de Palmares Paulista, Estado de São Paulo, 2016/17."]
["ITEM","Número de UPAs",null,"Percentual"]
["Faz Parte de Associação de Produtores",32,null,{"v":42.666666666666664,"d":"42.7"}]
["Faz Parte de Cooperativa de Produtores",32,null,{"v":42.666666666666664,"d":"42.7"}]
["Faz Parte do Sindicato de Produtores",9,null,{"v":12,"d":"12.0"}]
["Não utiliza assistência técnica ",31,null,{"v":41.333333333333336,"d":"41.3"}]
["Utiliza somente assistência técnica governamental ",1,null,{"v":1.3333333333333333,"d":"1.3"}]
["Utiliza somente assistência técnica privada ",21,null,{"v":28,"d":"28.0"}]
["Utiliza assistência técnica tanto governamental quanto privada",22,null,{"v":29.333333333333336,"d":"29.3"}]
["Utiliza Crédito Rural",10,null,{"v":13.333333333333334,"d":"13.3"}]
["Utiliza Seguro Rural",3,null,{"v":4,"d":"4.0"}]
["Utiliza Escrituração Agrícola",19,null,{"v":25.333333333333336,"d":"25.3"}]
["Acessa Internet p/ Fins na Agropecuária",22,null,{"v":29.333333333333336,"d":"29.3"}]
["Utiliza Computador nas Atividades Agropecuárias",23,null,{"v":30.666666666666668,"d":"30.7"}]
["Utiliza Energia Elétrica Para Uso na Atividade Agrícola",38,null,{"v":50.66666666666667,"d":"50.7"}]
["Utiliza Energia Alternativa","-",null,"-"]
["Realiza Análise de Solo, quando necessário",51,null,{"v":68,"d":"68.0"}]
["Realiza Calagem",46,null,{"v":61.333333333333336,"d":"61.3"}]
["Utiliza Práticas de Conservação de Solo, quando necessário",61,null,{"v":81.33333333333333,"d":"81.3"}]
["Faz Adubação Mineral, quando necessário",51,null,{"v":68,"d":"68.0"}]
["Faz Adubação Orgânica, quando necessário",26,null,{"v":34.666666666666664,"d":"34.7"}]
["Faz Adubação Verde, quando necessário",34,null,{"v":45.33333333333333,"d":"45.3"}]
["Utiliza Manejo Integrado de Pragas (MIP)","-",null,"-"]
["Utiliza Hidroponia","-",null,"-"]
["Utiliza Cultivo em Estufa","-",null,"-"]
["Utiliza Mudas Fiscalizadas",36,null,{"v":48,"d":"48.0"}]
["Utiliza Semente Melhorada",3,null,{"v":4,"d":"4.0"}]
["Faz Confinamento de Bovinos",3,null,{"v":4,"d":"4.0"}]
["Utiliza Pastejo Intensivo",1,null,{"v":1.3333333333333335,"d":"1.3"}]
["Faz Inseminação Artificial","-",null,"-"]
["Faz Mineralização do Rebanho",5,null,{"v":6.666666666666667,"d":"6.7"}]
["Faz Vermifugação do Rebanho",5,null,{"v":6.666666666666667,"d":"6.7"}]
["Possui Parceiros /Arrendatários na Exploração Animal",10,null,{"v":13.333333333333334,"d":"13.3"}]
["Existência de trabalhadores c/ deficiência na UPA","-",null,"-"]
["Esporte e lazer","-",null,"-"]
["Extração mineral","-",null,"-"]
["Hotel Fazenda, Pousada ou SPA","-",null,"-"]
["Pesque-pague","-",null,"-"]
["Restaurante ou Lanchonete","-",null,"-"]
["Transformação artesanal","-",null,"-"]
["Turismo rural ou ecoturismo","-",null,"-"]
["Outras atividades econômicas rurais","-",null,"-"]
["Agroindústria","-",null,"-"]
["Proprietário sem instrução ou com instrução incompleta",4,null,{"v":5.333333333333334,"d":"5.3"}]
["Proprietário com antigo primário completo",9,null,{"v":12,"d":"12.0"}]
["Proprietário com 1° grau (ou antigo ginasial) completo",9,null,{"v":12,"d":"12.0"}]
["Proprietário com 2° grau (ou antigo colegial) completo",2,null,{"v":2.666666666666667,"d":"2.7"}]
["Proprietário com curso superior completo ",39,null,{"v":52,"d":"52.0"}]
["Pessoa Jurídica",12,null,{"v":16,"d":"16.0"}]
["Proprietário residente na própria UPA ",5,null,{"v":6.666666666666667,"d":"6.7"}]
["Fonte: Secretaria de Agricultura e Abastecimento, CDRS/IEA, Projeto LUPA."]
[]
["TABELA 391.5 - Área Cultivada, Município de Palmares Paulista, Estado de São Paulo, 2016/17."]
["CULTURA","N.DE UPAs","MÍNIMO","MÉDIO","MÁXIMO","TOTAL"]
["Cana-de-acucar finalidade industria",67,3.6,{"v":84.51,"d":"84.5"},567.7,{"v":5662.4,"d":"5,662.4"}]
["Seringueira",4,{"v":12,"d":"12.0"},94.5,264.2,{"v":378,"d":"378.0"}]
["Braquiaria",17,0.5,{"v":6.19,"d":"6.2"},31.4,105.3]
["Gramas",6,1.4,5.9,12.1,35.4]
["Limao",4,{"v":2,"d":"2.0"},{"v":3.33,"d":"3.3"},5.4,13.3]
["Eucalipto",1,{"v":4,"d":"4.0"},{"v":4,"d":"4.0"},{"v":4,"d":"4.0"},{"v":4,"d":"4.0"}]
["Laranja Mercado",1,3.3,3.3,3.3,3.3]
["Outras gramineas para pastagem",1,2.5,2.5,2.5,2.5]
["Coloniao",1,{"v":2,"d":"2.0"},{"v":2,"d":"2.0"},{"v":2,"d":"2.0"},{"v":2,"d":"2.0"}]
["Goiaba",1,0.7,0.7,0.7,0.7]
["Fonte: Secretaria de Agricultura e Abastecimento, CDRS/IEA, Projeto LUPA."]